[Event "2nd American Continental"]
[Site "Buenos Aires ARG"]
[Date "2003.08.23"]
[Round "6"]
[White "Tobares, Leandro"]
[Black "Marcolino, Antonio Claudio"]
[Result "1-0"]
[WhiteElo "2283"]
[BlackElo "2122"]
[EventDate "2003.08.17"]
[PlyCount "107"]

1.d4 d5 2.c4 c6 3.Nf3 Nf6 4.Nc3 dxc4 5.a4 Bf5 6.e3 e6 7.Bxc4 Bb4 8.O-O O-O
9.Qe2 Nbd7 10.e4 Bg6 11.Bd3 Bh5 12.Bf4 Re8 13.Rfd1 Qe7 14.e5 Nd5 15.Nxd5 
exd5 16.Qe3 Nf8 17.h3 Ne6 18.g4 Bg6 19.Bg3 c5 20.dxc5 Bxc5 21.Qe2 Nc7 22.
Rac1 Bb6 23.Rc2 Qb4 24.Rdc1 Ne6 25.Bxg6 hxg6 26.Qd3 Qxa4 27.Qxd5 Rad8 28.
Qxb7 Rd3 29.Kg2 Red8 30.Rc8 Qb4 31.R1c2 Nf4+ 32.Bxf4 Qxf4 33.R2c4 Qh6 34.
g5 Qh5 35.Rxd8+ Bxd8 36.Rh4 Qxf3+ 37.Qxf3 Rxf3 38.Kxf3 Bb6 39.Rf4 Bc7 40.
Ke4 Kf8 41.Rf3 Ke7 42.Rb3 Bb6 43.f4 Ke6 44.Rc3 Kd7 45.Kd5 Ke7 46.b4 Kd7 
47.b5 Ba5 48.Rd3 Bb6 49.Rf3 Ke7 50.h4 Bg1 51.Rc3 Bb6 52.Rc6 Be3 53.Rc7+ 
Ke8 54.Kd6 1-0

[Event "2nd American Continental"]
[Site "Buenos Aires ARG"]
[Date "2003.08.23"]
[Round "6"]
[White "Toloza Soto, Pablo"]
[Black "Sagalchik, Gennady"]
[Result "0-1"]
[WhiteElo "2374"]
[BlackElo "2491"]
[EventDate "2003.08.17"]
[PlyCount "69"]

1.e4 e5 2.Nf3 Nc6 3.d4 exd4 4.Nxd4 Bc5 5.Nb3 Bb6 6.a4 Qh4 7.Qe2 a6 8.a5 
Ba7 9.g3 Qf6 10.Nc3 Nge7 11.Bg2 d6 12.O-O Bd7 13.Nd5 Nxd5 14.exd5+ Ne5 15.
Be3 Bb5 16.Qe1 Bxf1 17.Kxf1 Bxe3 18.Qxe3 O-O 19.Ra4 Rfe8 20.Qc3 Re7 21.Rf4
Qh6 22.Nd4 g6 23.Re4 Rae8 24.Qe1 Qf8 25.Qc3 Qg7 26.Qe1 Qf8 27.Qc3 Nd7 28.
Rf4 Qh6 29.Nf3 Re4 30.Rxe4 Rxe4 31.Nd2 Re8 32.f4 Qg7 33.Qxg7+ Kxg7 34.Ne4 
Nc5 35.f5 0-1

[Event "2nd American Continental"]
[Site "Buenos Aires ARG"]
[Date "2003.08.23"]
[Round "6"]
[White "Valerga, Diego"]
[Black "Filgueira, Hernan"]
[Result "1/2-1/2"]
[WhiteElo "2496"]
[BlackElo "2376"]
[EventDate "2003.08.17"]
[PlyCount "59"]

1.c4 e6 2.g3 d5 3.Bg2 Nf6 4.Nf3 dxc4 5.Qa4+ c6 6.Qxc4 b5 7.Qc2 Bb7 8.O-O 
c5 9.b3 Nbd7 10.Bb2 Be7 11.d3 Nb6 12.Nbd2 O-O 13.Rac1 Rc8 14.Qb1 Nfd7 15.
Rc2 Re8 16.Rfc1 Bf8 17.d4 cxd4 18.Rxc8 Nxc8 19.Bxd4 g6 20.Ne1 Bxg2 21.Nxg2
Bh6 22.Rd1 Qe7 23.Ne4 Ncb6 24.Bxb6 Nxb6 25.Nd6 Rb8 26.Nxb5 Nd5 27.e4 Rxb5 
28.exd5 Rxd5 29.Rxd5 exd5 30.Ne1 1/2-1/2

[Event "2nd American Continental"]
[Site "Buenos Aires ARG"]
[Date "2003.08.23"]
[Round "6"]
[White "Varela, Daniel"]
[Black "Andrade, Roberto Luiz Costa"]
[Result "1/2-1/2"]
[WhiteElo "2164"]
[BlackElo "2309"]
[EventDate "2003.08.17"]
[PlyCount "52"]

1.d4 d5 2.Nf3 Nf6 3.c4 c6 4.cxd5 cxd5 5.Nc3 Nc6 6.Bf4 Qb6 7.e3 Qxb2 8.Rc1 
e6 9.Rc2 Qb4 10.Bd3 Bd6 11.Bg3 Bd7 12.O-O Bxg3 13.fxg3 Qd6 14.Rb2 b6 15.
Re1 O-O 16.e4 dxe4 17.Nxe4 Qe7 18.Nxf6+ Qxf6 19.Ne5 Rad8 20.Rbe2 g6 21.Re4
Nxe5 22.dxe5 Qe7 23.Rd4 Bc6 24.Bxg6 Rxd4 25.Bxh7+ Kxh7 26.Qh5+ Kg7 1/2-1/2

[Event "2nd American Continental"]
[Site "Buenos Aires ARG"]
[Date "2003.08.23"]
[Round "6"]
[White "Vasquez Schroder, Rodrigo"]
[Black "Gonzalez Garcia, Jose"]
[Result "1-0"]
[WhiteElo "2514"]
[BlackElo "2429"]
[EventDate "2003.08.17"]
[PlyCount "83"]

1.d4 Nf6 2.c4 e6 3.Nc3 Bb4 4.Qc2 c5 5.dxc5 Bxc5 6.Bf4 O-O 7.Nf3 a6 8.e3 b6
9.Be2 Bb7 10.O-O Be7 11.Rfd1 Nc6 12.Rd2 Rc8 13.Rad1 Na5 14.Ne5 d6 15.b4 
Qc7 16.bxa5 dxe5 17.axb6 Qc6 18.Bf3 Qxb6 19.Rb1 Qc5 20.Bxb7 exf4 21.Na4 
Qh5 22.exf4 Rcd8 23.Rxd8 Bxd8 24.c5 Bc7 25.Bf3 Qg6 26.Qxg6 hxg6 27.g3 Rb8 
28.Rb7 Rxb7 29.Bxb7 a5 30.Kf1 Kf8 31.Ke2 Ke7 32.h3 e5 33.fxe5 Bxe5 34.Kd3 
Ne8 35.Nb6 g5 36.Nc4 Bc7 37.Ne3 Bd8 38.Kc4 Nc7 39.Nf5+ Kf8 40.Bd5 Ne8 41.
Nd4 Bf6 42.Nc6 1-0

[Event "2nd American Continental"]
[Site "Buenos Aires ARG"]
[Date "2003.08.23"]
[Round "6"]
[White "Walsh, Hector"]
[Black "Arambel, Sergio Javier"]
[Result "0-1"]
[WhiteElo "2156"]
[BlackElo "2245"]
[EventDate "2003.08.17"]
[PlyCount "112"]

1.e4 c5 2.Nf3 e6 3.d4 cxd4 4.Nxd4 a6 5.Nc3 Qc7 6.g3 Bb4 7.Bd2 Nf6 8.Bg2 
Nc6 9.Nb3 O-O 10.O-O Rd8 11.f4 d5 12.e5 Nd7 13.Qe2 Nb6 14.Rae1 Nc4 15.Bc1 
b5 16.a3 Bf8 17.f5 N6xe5 18.Bf4 f6 19.Kh1 Ra7 20.Nd4 exf5 21.Bxd5+ Rxd5 
22.Nxd5 Bb7 23.b3 Bxd5+ 24.Kg1 Bc5 25.c3 Nb6 26.Bxe5 fxe5 27.Rxf5 Bxd4+ 
28.cxd4 e4 29.Qg4 Qd7 30.Ref1 Ra8 31.Qf4 h6 32.h4 Be6 33.Re5 Qxd4+ 34.Kh2 
Nd5 35.Qxe4 Qxe4 36.Rxe4 Bf7 37.Rd4 Nf6 38.b4 Rc8 39.Rd6 Rc2+ 40.Kg1 Rc3 
41.Rxa6 Rxg3+ 42.Kh2 Re3 43.Rg1 Kh7 44.Ra7 Bg6 45.a4 Re4 46.Rb1 Re2+ 47.
Kg3 Bxb1 48.axb5 Rb2 49.Ra4 Rb3+ 50.Kf4 Rxb4+ 51.Rxb4 Nd5+ 52.Ke5 Nxb4 53.
h5 g6 54.hxg6+ Kxg6 55.b6 Kg5 56.b7 Na6 0-1

[Event "2nd American Continental"]
[Site "Buenos Aires ARG"]
[Date "2003.08.23"]
[Round "6"]
[White "Zapata, Alonso"]
[Black "Tempone, Marcelo"]
[Result "0-1"]
[WhiteElo "2543"]
[BlackElo "2437"]
[EventDate "2003.08.17"]
[PlyCount "108"]

1.e4 d5 2.exd5 Qxd5 3.Nc3 Qa5 4.d4 Nf6 5.Nf3 Bf5 6.Ne5 c6 7.Nc4 Qc7 8.g3 
e6 9.Bf4 Qd8 10.Bg2 Be7 11.O-O O-O 12.Re1 Na6 13.a3 Nc7 14.Ne5 Ncd5 15.
Nxd5 exd5 16.c4 Be6 17.c5 Re8 18.b4 Nd7 19.Nf3 Bf5 20.Qb3 Be4 21.b5 Bf6 
22.Red1 h6 23.a4 Qc8 24.Bd6 Nf8 25.Ne5 Bxg2 26.Kxg2 Ne6 27.Nf3 Ng5 28.Nxg5
hxg5 29.Ra2 g4 30.f3 gxf3+ 31.Qxf3 Re4 32.Re2 Qe6 33.Rde1 Re8 34.bxc6 
Rxe2+ 35.Rxe2 Qxe2+ 36.Qxe2 Rxe2+ 37.Kf3 bxc6 38.Kxe2 Bxd4 39.Kd3 Bf2 40.
g4 f6 41.h3 Kf7 42.Kc3 g5 43.Kd3 a6 44.Kc3 Ke6 45.Kd3 f5 46.gxf5+ Kxf5 47.
Ke2 Bd4 48.Kf3 Be5 49.Be7 Bf4 50.Bd8 d4 51.Ba5 Bc1 52.Bc7 d3 53.Bd6 Ke6 
54.Kf2 Kd5 0-1

[Event "2nd American Continental"]
[Site "Buenos Aires ARG"]
[Date "2003.08.25"]
[Round "7"]
[White "Aguilar, Andres"]
[Black "Gomez Baillo, Jorge"]
[Result "0-1"]
[WhiteElo "2204"]
[BlackElo "2429"]
[EventDate "2003.08.17"]
[PlyCount "86"]

1.e4 c6 2.d4 d5 3.e5 Bf5 4.Nf3 e6 5.Be2 Nd7 6.O-O Bg6 7.Be3 Nh6 8.Nbd2 Nf5
9.c4 dxc4 10.Rc1 Nb6 11.Nxc4 Be7 12.Qb3 O-O 13.a4 Nxc4 14.Bxc4 Qd7 15.g4 
Nxe3 16.Qxe3 Rfd8 17.Rfd1 Bb4 18.Nh4 Ba5 19.f4 Bb6 20.Nf3 Qe7 21.Kg2 Rd7 
22.Bd3 Bxd3 23.Rxd3 f5 24.gxf5 exf5 25.Qd2 Rd5 26.b4 a6 27.Kh1 Rad8 28.Rg1
R8d7 29.Rg5 Qe6 30.Qg2 a5 31.bxa5 Rxa5 32.Qb2 Bd8 33.Qb4 Bxg5 34.Qxa5 Bxf4
35.Qa8+ Kf7 36.d5 cxd5 37.Rb3 Qc6 38.e6+ Qxe6 39.Rxb7 d4 40.a5 d3 41.Qc8 
Rxb7 42.Qxb7+ Kg6 43.Nh4+ Kh6 0-1

[Event "2nd American Continental"]
[Site "Buenos Aires ARG"]
[Date "2003.08.25"]
[Round "7"]
[White "Altamirano, Benjamin"]
[Black "Ferrara, Alexis"]
[Result "1-0"]
[WhiteElo "2333"]
[BlackElo "2210"]
[EventDate "2003.08.17"]
[PlyCount "86"]

1.c4 e5 2.g3 Nc6 3.Bg2 g6 4.Nc3 Bg7 5.e4 d6 6.Nge2 Nge7 7.d3 h5 8.h4 Nd4 
9.Nxd4 exd4 10.Ne2 c6 11.b4 O-O 12.O-O d5 13.exd5 cxd5 14.c5 b6 15.Bf4 
bxc5 16.bxc5 Be6 17.Qa4 Nf5 18.c6 Qe7 19.Rfe1 Rfc8 20.Rac1 a5 21.Rb1 Ra6 
22.c7 Bd7 23.Qb3 Re6 24.Kf1 a4 25.Qb7 Nd6 26.Qb8 Qf8 27.Bxd5 Rf6 28.Kg2 
Rf5 29.Bf3 Nb5 30.Qb6 Rf6 31.Qa5 Nc3 32.Rb6 Rf5 33.Qa6 Nd5 34.Bd6 Qe8 35.
Bxd5 Rxd5 36.Nf4 Qxe1 37.Rb8 Rxd6 38.Qxd6 Qe8 39.Nd5 Qe6 40.Ne7+ Kh7 41.
Qxe6 Bxe6 42.Nxc8 Bxc8 43.Rxc8 Be5 1-0

[Event "2nd American Continental"]
[Site "Buenos Aires ARG"]
[Date "2003.08.25"]
[Round "7"]
[White "Alvarez, Hector"]
[Black "Szmetan, Jorge"]
[Result "0-1"]
[WhiteElo "2216"]
[BlackElo "2408"]
[EventDate "2003.08.17"]
[PlyCount "53"]

1.e4 c5 2.Nc3 Nc6 3.g3 g6 4.Bg2 Bg7 5.d3 e6 6.Be3 d6 7.Qd2 Rb8 8.Nge2 Nd4 
9.O-O Ne7 10.Rae1 O-O 11.Nd1 b5 12.c3 Nxe2+ 13.Rxe2 b4 14.Bh6 Qa5 15.Bxg7 
Kxg7 16.e5 d5 17.Qg5 Ng8 18.cxb4 Rxb4 19.Nc3 Rd4 20.Rd2 Ba6 21.Rfd1 Rb4 
22.d4 cxd4 23.Rxd4 Rxb2 24.Qc1 Rfb8 25.Ra4 Qc5 26.Ne4 Qxc1 27.Rxc1 0-1

[Event "2nd American Continental"]
[Site "Buenos Aires ARG"]
[Date "2003.08.25"]
[Round "7"]
[White "Alzate, Dario"]
[Black "Zarnicki, Pablo"]
[Result "1/2-1/2"]
[WhiteElo "2426"]
[BlackElo "2530"]
[EventDate "2003.08.17"]
[PlyCount "87"]

1.e4 c5 2.Nf3 d6 3.d4 cxd4 4.Nxd4 Nf6 5.Nc3 Nc6 6.Bc4 Qb6 7.Nb3 e6 8.O-O 
Be7 9.a4 O-O 10.a5 Qc7 11.Be2 d5 12.exd5 Nxd5 13.Nxd5 exd5 14.c3 Rd8 15.
Be3 Ne5 16.Bd4 Bf5 17.Re1 Nc4 18.Bxc4 dxc4 19.Qf3 Bg6 20.Be5 Qd7 21.Nd4 
Bc5 22.Rad1 Qd5 23.Qxd5 Rxd5 24.b4 cxb3 25.Nxb3 Rxd1 26.Rxd1 Be7 27.Rd7 
Rd8 28.Rxd8+ Bxd8 29.Bd4 Bc2 30.Nc5 b6 31.axb6 Bxb6 32.Kf1 f6 33.Ke1 a5 
34.Kd2 Bf5 35.Ne6 Bxe6 36.Bxb6 a4 37.Bc5 Kf7 38.Ke3 Bc4 39.Kd4 Bf1 40.g3 
Ke6 41.h4 Kf5 42.c4 h5 43.Bf8 g5 44.Be7 1/2-1/2

[Event "2nd American Continental"]
[Site "Buenos Aires ARG"]
[Date "2003.08.25"]
[Round "7"]
[White "Andrade, Roberto Luiz Costa"]
[Black "Walsh, Hector"]
[Result "1-0"]
[WhiteElo "2309"]
[BlackElo "2156"]
[EventDate "2003.08.17"]
[PlyCount "37"]

1.e4 c5 2.Nf3 d6 3.d4 cxd4 4.Nxd4 Nf6 5.Nc3 Nc6 6.Bg5 e6 7.Qd2 a6 8.O-O-O 
h6 9.Bh4 Nxe4 10.Qf4 Nf6 11.Nxc6 bxc6 12.Ne4 e5 13.Qf3 Qb6 14.Qxf6 Rb8 15.
Nxd6+ Bxd6 16.Qxd6 Qxb2+ 17.Kd2 g5 18.Bg3 Be6 19.Bxe5 1-0

[Event "2nd American Continental"]
[Site "Buenos Aires ARG"]
[Date "2003.08.25"]
[Round "7"]
[White "Arambel, Sergio Javier"]
[Black "Dolezal, Cristian"]
[Result "0-1"]
[WhiteElo "2245"]
[BlackElo "2410"]
[EventDate "2003.08.17"]
[PlyCount "90"]

1.c4 g6 2.g3 Bg7 3.Bg2 d6 4.Nc3 e5 5.d3 Nf6 6.e4 Bg4 7.Qb3 Na6 8.h3 Nc5 9.
Qc2 Bd7 10.Nge2 Qc8 11.Be3 O-O 12.d4 exd4 13.Nxd4 a5 14.g4 Re8 15.Bf3 Bc6 
16.Nxc6 bxc6 17.O-O Nfd7 18.Ne2 Rb8 19.Rab1 Ne6 20.Bg2 c5 21.Qd2 Ne5 22.b3
Nc6 23.e5 Qd7 24.f4 Ned4 25.Bxd4 Nxd4 26.Nxd4 cxd4 27.Qxd4 Qe7 28.Rbe1 
dxe5 29.Qf2 e4 30.Rxe4 Qb4 31.f5 Rxe4 32.Bxe4 Rd8 33.Kh1 Rd2 34.Qf3 Be5 
35.Rf2 Rd4 36.Re2 Rd1+ 37.Kg2 Bd4 38.Qf4 Bc5 39.h4 Rg1+ 40.Kh3 Bd6 41.Qf3 
Rg3+ 42.Qxg3 Bxg3 43.Kxg3 Qd6+ 44.Kh3 Qd1 45.Rf2 Qe1 0-1

[Event "2nd American Continental"]
[Site "Buenos Aires ARG"]
[Date "2003.08.25"]
[Round "7"]
[White "Arenas, Sergio"]
[Black "Bielicki, Carlos"]
[Result "0-1"]
[WhiteElo "2155"]
[BlackElo "2289"]
[EventDate "2003.08.17"]
[PlyCount "62"]

1.d4 Nf6 2.Nf3 d6 3.c3 Nbd7 4.Bg5 h6 5.Bh4 g6 6.Nbd2 Bg7 7.e4 e5 8.Bc4 O-O
9.O-O Qe7 10.Re1 Re8 11.a4 a5 12.Qb3 Rf8 13.Qa3 Qe8 14.Bb5 Kh7 15.Bxf6 
Bxf6 16.Rad1 Kg7 17.Nc4 Be7 18.d5 Qd8 19.b4 axb4 20.cxb4 f5 21.exf5 gxf5 
22.Qc3 Nf6 23.Nfxe5 dxe5 24.Nxe5 Kh7 25.Qg3 Rg8 26.Qf4 Qf8 27.Re3 Bd6 28.
Rh3 Ng4 29.Re1 Qg7 30.Qxg4 fxg4 31.Bd3+ Kh8 0-1

[Event "2nd American Continental"]
[Site "Buenos Aires ARG"]
[Date "2003.08.25"]
[Round "7"]
[White "Bendana Guerrero, Guy"]
[Black "Pedro, Fernando"]
[Result "0-1"]
[WhiteElo "2186"]
[BlackElo "2273"]
[EventDate "2003.08.17"]
[PlyCount "100"]

1.d4 g6 2.Nf3 Bg7 3.c4 d6 4.Nc3 Nd7 5.e4 e5 6.dxe5 Nxe5 7.Nxe5 dxe5 8.
Qxd8+ Kxd8 9.Bg5+ f6 10.O-O-O+ Bd7 11.Be3 Bh6 12.Bxh6 Nxh6 13.Be2 c6 14.
Rd6 Ke7 15.Rhd1 Rhd8 16.f3 Nf7 17.R6d2 a5 18.b3 Be8 19.Rxd8 Nxd8 20.Bf1 
Ne6 21.Kb2 Nc5 22.Rd2 a4 23.Nxa4 Nxa4+ 24.bxa4 c5 25.Be2 Rxa4 26.a3 Bf7 
27.Rc2 Ra6 28.Rc3 Be8 29.Bd1 Rd6 30.Kc1 Bc6 31.Bc2 Rd4 32.Bd3 h5 33.h3 h4 
34.Bc2 Ke6 35.Bd3 f5 36.exf5+ gxf5 37.Bf1 Ba4 38.Be2 Kf6 39.Re3 Rd8 40.Rd3
Rxd3 41.Bxd3 Kg5 42.Kd2 Kf4 43.Bf1 Kg3 44.Ke3 Bc2 45.Ke2 f4 46.Ke1 Bb3 47.
Kd2 Kf2 48.Kc3 Kxf1 49.Kxb3 Kxg2 50.Ka4 Kxf3 0-1

[Event "2nd American Continental"]
[Site "Buenos Aires ARG"]
[Date "2003.08.25"]
[Round "7"]
[White "Benko, Francisco"]
[Black "Lemos, Damian"]
[Result "0-1"]
[WhiteElo "2142"]
[BlackElo "2206"]
[EventDate "2003.08.17"]
[PlyCount "104"]

1.e4 e6 2.d4 d5 3.Nc3 Bb4 4.exd5 exd5 5.Bd3 Ne7 6.Ne2 c6 7.O-O O-O 8.Ng3 
Bd6 9.Re1 f5 10.f4 Nd7 11.Nf1 Nf6 12.Be3 Ne4 13.Ne2 Be6 14.Nd2 Qb6 15.Rb1 
Rae8 16.Nf3 Ng6 17.Qc1 Qc7 18.Rf1 b5 19.Ne5 Nxe5 20.dxe5 Be7 21.Nd4 Bc8 
22.b4 a6 23.c3 Bd7 24.Nb3 Be6 25.Nd4 Qd7 26.Nxe6 Qxe6 27.Qb2 g6 28.a4 Ra8 
29.Ra1 Rfc8 30.Bxe4 dxe4 31.Rfc1 Rd8 32.Qa2 Kf7 33.Qf2 Qc4 34.Qa2 Rd3 35.
Qxc4+ bxc4 36.Kf2 Rad8 37.Ke2 g5 38.g3 gxf4 39.Bxf4 R8d5 40.Rc2 Bd8 41.Rb1
Ke6 42.Be3 Bc7 43.Bd4 Bxe5 44.Bxe5 Kxe5 45.Rf1 Rd6 46.Rf4 Rh6 47.Ke1 Re3+ 
48.Kd2 Rxh2+ 49.Kxe3 Rxc2 50.Rh4 Rxc3+ 51.Kf2 Rb3 52.Rxh7 Rxb4 0-1

[Event "2nd American Continental"]
[Site "Buenos Aires ARG"]
[Date "2003.08.25"]
[Round "7"]
[White "Bentancor, Franco German"]
[Black "Lo Presti, Roberto"]
[Result "1-0"]
[WhiteElo "2177"]
[BlackElo "2042"]
[EventDate "2003.08.17"]
[PlyCount "25"]

1.e4 d5 2.exd5 Nf6 3.Nf3 Nxd5 4.d4 g6 5.c4 Nb6 6.Nc3 Bg7 7.c5 Nd5 8.Bc4 
Nxc3 9.bxc3 O-O 10.O-O b6 11.Qe2 Bb7 12.Re1 Re8 13.Bxf7+ 1-0

[Event "2nd American Continental"]
[Site "Buenos Aires ARG"]
[Date "2003.08.25"]
[Round "7"]
[White "Bitelmajer, Martin"]
[Black "Needleman, Gaston"]
[Result "1-0"]
[WhiteElo "2230"]
[BlackElo "2155"]
[EventDate "2003.08.17"]
[PlyCount "59"]

1.d4 Nf6 2.c4 g6 3.Nc3 Bg7 4.e4 d6 5.Nf3 O-O 6.Be2 e5 7.O-O Nc6 8.d5 Ne7 
9.Ne1 Nd7 10.Nd3 f5 11.Bd2 Nf6 12.f3 f4 13.c5 g5 14.cxd6 cxd6 15.Nf2 Rf7 
16.Rc1 Bf8 17.Nb5 Ng6 18.Qc2 Ne8 19.Nxa7 Bd7 20.Nb5 h5 21.h3 Rg7 22.a4 Nh4
23.a5 Nf6 24.Qd1 g4 25.fxg4 hxg4 26.hxg4 Nxg2 27.Kxg2 Nxg4 28.Bxg4 Qh4 29.
Rg1 Rxg4+ 30.Qxg4+ 1-0

[Event "2nd American Continental"]
[Site "Buenos Aires ARG"]
[Date "2003.08.25"]
[Round "7"]
[White "Burgos, Carlos"]
[Black "Flores, Diego"]
[Result "1/2-1/2"]
[WhiteElo "2335"]
[BlackElo "2439"]
[EventDate "2003.08.17"]
[PlyCount "127"]

1.e4 d5 2.exd5 Qxd5 3.Nc3 Qa5 4.Nf3 Nf6 5.h3 c6 6.Bc4 Bf5 7.Qe2 Nbd7 8.O-O
e6 9.Nd4 Bg6 10.d3 O-O-O 11.a3 Bd6 12.b4 Qe5 13.Nf3 Qf5 14.Nh4 Qe5 15.Qxe5
Bxe5 16.Bb2 Nd5 17.Bxd5 cxd5 18.Na4 Bxb2 19.Nxb2 f6 20.Nxg6 hxg6 21.c4 Ne5
22.Rfd1 g5 23.c5 Rh4 24.f3 Nc6 25.Na4 a5 26.Nb6+ Kc7 27.bxa5 Nxa5 28.Rab1 
Nc6 29.Rb2 Ne5 30.d4 Nc6 31.Rbd2 Rf4 32.Kf2 Rh4 33.Rd3 Re8 34.Ke3 e5 35.
Nxd5+ Kb8 36.dxe5 Nxe5 37.Rd4 Nd7+ 38.Kf2 Nxc5 39.Ne3 Rxd4 40.Rxd4 Kc7 41.
Nf5 Ra8 42.Nxg7 Rxa3 43.Ne8+ Kc6 44.Rd6+ Kb5 45.Nxf6 Kc4 46.Rb6 Ra6 47.
Rxa6 bxa6 48.Ng4 a5 49.Ne3+ Kd3 50.Nd1 Kc2 51.Ne3+ Kb3 52.Ke2 a4 53.Kd2 a3
54.Nc2 a2 55.g3 Kb2 56.h4 gxh4 57.gxh4 Nb3+ 58.Kd1 Nd4 59.Na1 Kxa1 60.Kc1 
Nxf3 61.h5 Ng5 62.h6 Nh7 63.Kc2 Nf6 64.Kc1 1/2-1/2

[Event "2nd American Continental"]
[Site "Buenos Aires ARG"]
[Date "2003.08.25"]
[Round "7"]
[White "Burijovich, Liliana"]
[Black "Dobson Aguilar, Luis"]
[Result "0-1"]
[WhiteElo "2195"]
[BlackElo "2330"]
[EventDate "2003.08.17"]
[PlyCount "166"]

1.e4 c5 2.Nf3 e6 3.d4 cxd4 4.Nxd4 a6 5.c4 Qc7 6.Nc3 Nf6 7.a3 Nc6 8.Be3 b6 
9.Rc1 Bb7 10.b4 Ne5 11.f3 d6 12.Be2 Be7 13.O-O O-O 14.f4 Ned7 15.Bd3 Rac8 
16.g4 g6 17.g5 Ne8 18.Qg4 Ng7 19.Nde2 f5 20.gxf6 Nxf6 21.Qh3 Qd8 22.Bd4 d5
23.cxd5 exd5 24.exd5 Nxd5 25.Ne4 Nxf4 26.Qe3 Nxe2+ 27.Bxe2 Rxc1 28.Rxc1 
Nf5 29.Bc4+ Bd5 30.Qb3 Nxd4 31.Bxd5+ Kh8 32.Qc4 Ne2+ 33.Qxe2 Qxd5 34.Rc7 
Qe5 35.Rb7 Bf6 36.Kg2 Bg7 37.Rxb6 Re8 38.Rxa6 Bf8 39.b5 Qxe4+ 40.Qxe4 Rxe4
41.Kf3 Re1 42.b6 Rb1 43.a4 Bd6 44.a5 Bxh2 45.Ra7 Bg1 46.Rb7 Ra1 47.Ra7 Rb1
48.Rb7 Rb5 49.Kg2 Bd4 50.a6 Bxb6 51.a7 Rg5+ 52.Kh3 Bxa7 53.Rxa7 Rb5 54.Kg4
Rc5 55.Rb7 Ra5 56.Rc7 Rf5 57.Ra7 Kg8 58.Rb7 Rf1 59.Kg5 Rf5+ 60.Kg4 Rf7 61.
Rb6 Kg7 62.Ra6 Rb7 63.Kg3 h6 64.Kg4 Rb4+ 65.Kg3 h5 66.Kh3 Rf4 67.Kg3 Rf5 
68.Kh4 Rf6 69.Ra5 Kh6 70.Kh3 Rf5 71.Ra6 Kg5 72.Kg3 h4+ 73.Kh3 Rf3+ 74.Kh2 
Kh5 75.Kg2 Rf5 76.Ra8 Rb5 77.Ra3 Rb4 78.Kh3 g5 79.Ra5 Rb3+ 80.Kg2 Rb2+ 81.
Kh3 Rb3+ 82.Kg2 Rb1 83.Kh3 Kg6 0-1

[Event "2nd American Continental"]
[Site "Buenos Aires ARG"]
[Date "2003.08.25"]
[Round "7"]
[White "Caceres Vasquez, Sergio"]
[Black "Aguilar, Mauricio"]
[Result "0-1"]
[WhiteElo "2201"]
[BlackElo "2133"]
[EventDate "2003.08.17"]
[PlyCount "64"]

1.d4 Nf6 2.c4 g6 3.Nc3 Bg7 4.e4 O-O 5.f4 c5 6.d5 b5 7.e5 Ne8 8.Nxb5 d6 9.
Nf3 Nd7 10.exd6 a6 11.Nc3 Nxd6 12.Bd3 Nb6 13.Qe2 e6 14.O-O Re8 15.Qf2 Qc7 
16.Ne5 exd5 17.Nxd5 Nxd5 18.cxd5 Bb7 19.Be3 Bxd5 20.Bxc5 Nb5 21.a4 Nd6 22.
Rac1 Ne4 23.Bxe4 Bxe4 24.Bf8 Bxe5 25.Rxc7 Bxc7 26.Bh6 Rab8 27.Qd2 Bb6+ 28.
Kh1 Rbd8 29.Qb4 Be3 30.Re1 Bf2 31.Qb6 Bxe1 32.h3 Bg3 0-1

[Event "2nd American Continental"]
[Site "Buenos Aires ARG"]
[Date "2003.08.25"]
[Round "7"]
[White "Campitelli, Guillermo"]
[Black "Marcolino, Daniel Mattos"]
[Result "1/2-1/2"]
[WhiteElo "2190"]
[BlackElo "2055"]
[EventDate "2003.08.17"]
[PlyCount "151"]

1.d4 d5 2.c4 c6 3.e3 Nf6 4.Nf3 a6 5.Nbd2 b5 6.b3 Bg4 7.h3 Bh5 8.Bd3 e6 9.
O-O Nbd7 10.Qc2 Bxf3 11.Nxf3 Bd6 12.Bb2 O-O 13.Ne5 Rc8 14.a4 bxc4 15.bxc4 
c5 16.Qe2 a5 17.cxd5 Nxd5 18.Nxd7 Qxd7 19.dxc5 Bxc5 20.Bb5 Qe7 21.Rad1 Qg5
22.e4 Nf4 23.Qg4 Qxg4 24.hxg4 Rfd8 25.Rxd8+ Rxd8 26.Be5 g5 27.g3 Ng6 28.
Bf6 Be7 29.Bc3 Ra8 30.f4 gxf4 31.gxf4 Bd8 32.f5 Nf8 33.Rd1 Bb6+ 34.Kg2 h6 
35.Kf3 Nh7 36.Be5 Rc8 37.fxe6 Ng5+ 38.Kf4 Nxe6+ 39.Kg3 Ng5 40.Re1 Rc2 41.
Re2 Rxe2 42.Bxe2 Nxe4+ 43.Kf4 Nc5 44.Bb5 Ne6+ 45.Ke4 Kh7 46.Be8 Kg6 47.Bc3
Nc7 48.Bd7 Kg5 49.Bd2+ Kg6 50.Bf5+ Kg7 51.Bf4 Ne8 52.Kd5 Bf2 53.Be5+ Kf8 
54.Bf4 Kg7 55.Bd2 Nc7+ 56.Kd6 Ne8+ 57.Ke7 Nf6 58.Bc3 Bh4 59.Bd4 Bg5 60.Bc3
Bh4 61.Kd6 Bg3+ 62.Kc6 Bh4 63.Kb5 Kf8 64.Kxa5 Nd5 65.Bd4 Bd8+ 66.Kb5 Nc7+ 
67.Kc6 Na6 68.Kb7 Nb4 69.Be4 Be7 70.a5 f6 71.a6 Nxa6 72.Kxa6 Kg7 73.Kb5 h5
74.g5 h4 75.gxf6+ Bxf6 76.Bg1 1/2-1/2

[Event "2nd American Continental"]
[Site "Buenos Aires ARG"]
[Date "2003.08.25"]
[Round "7"]
[White "Castaneda, Carlos"]
[Black "Malbran, Guillermo"]
[Result "1-0"]
[WhiteElo "2148"]
[BlackElo "2345"]
[EventDate "2003.08.17"]
[PlyCount "61"]

1.d4 Nf6 2.Nf3 c5 3.g3 cxd4 4.Nxd4 d5 5.Bg2 e5 6.Nb3 Nc6 7.O-O h6 8.c4 Be6
9.cxd5 Nxd5 10.Nc3 Nxc3 11.bxc3 Qc7 12.Be3 Rd8 13.Qb1 Be7 14.Nc5 Bc8 15.
Qb5 O-O 16.Rab1 Na5 17.Nd3 b6 18.Nxe5 Be6 19.a4 Bf6 20.Bd4 Nc4 21.Nc6 Bxd4
22.cxd4 Na3 23.Qb2 Nxb1 24.Nxd8 Rxd8 25.Rxb1 Qc4 26.d5 Bxd5 27.Rd1 Rd7 28.
Rd4 Be6 29.Rxc4 Rd1+ 30.Bf1 Kh7 31.Qc2+ 1-0

[Event "2nd American Continental"]
[Site "Buenos Aires ARG"]
[Date "2003.08.25"]
[Round "7"]
[White "Cerda Albornoz, Guillermo"]
[Black "Fiorito, Fabian"]
[Result "0-1"]
[WhiteElo "2224"]
[BlackElo "2422"]
[EventDate "2003.08.17"]
[PlyCount "74"]

1.d4 Nf6 2.c4 g6 3.Nc3 Bg7 4.e4 d6 5.f4 O-O 6.Nf3 c5 7.d5 e6 8.Be2 exd5 9.
cxd5 Bg4 10.O-O Nbd7 11.Re1 Re8 12.h3 Bxf3 13.Bxf3 a6 14.a4 Rb8 15.a5 h6 
16.Re2 Qc7 17.Qe1 Nh7 18.Kh1 b5 19.axb6 Rxb6 20.Bg4 Nhf6 21.Bf3 Qb8 22.Ra2
h5 23.g4 hxg4 24.hxg4 Nh7 25.g5 Nhf8 26.Bg4 c4 27.Be3 Rb3 28.Qh4 Qb7 29.
Rh2 Rxc3 30.bxc3 Qb1+ 31.Bg1 Qxe4+ 32.Rag2 Rb8 33.Qh3 Nc5 34.f5 Nd3 35.f6 
Nf2+ 36.Bxf2 Rb1+ 37.Bg1 Rxg1+ 0-1

[Event "2nd American Continental"]
[Site "Buenos Aires ARG"]
[Date "2003.08.25"]
[Round "7"]
[White "Chtcherbine, Andrei"]
[Black "Tobares, Leandro"]
[Result "1-0"]
[WhiteElo "2156"]
[BlackElo "2283"]
[EventDate "2003.08.17"]
[PlyCount "43"]

1.Nf3 Nf6 2.c4 g6 3.Nc3 d5 4.cxd5 Nxd5 5.Nxd5 Qxd5 6.g3 Bg7 7.Bg2 O-O 8.
O-O c5 9.d3 Nc6 10.Be3 Qh5 11.Rc1 b6 12.Ng5 Bd7 13.Bf3 Qh6 14.Ne6 Qh3 15.
Nxf8 Rxf8 16.Bg2 Qh5 17.Qd2 Rd8 18.Rc4 Qe5 19.b3 Nb4 20.d4 Qb8 21.dxc5 Nc6
22.cxb6 1-0

[Event "2nd American Continental"]
[Site "Buenos Aires ARG"]
[Date "2003.08.25"]
[Round "7"]
[White "Claverie, Raul"]
[Black "Orsini, Antonio"]
[Result "1/2-1/2"]
[WhiteElo "2303"]
[BlackElo "2181"]
[EventDate "2003.08.17"]
[PlyCount "71"]

1.e4 e6 2.Qe2 Be7 3.d3 d5 4.Nd2 Nf6 5.Ngf3 c5 6.g3 Nc6 7.Bg2 b5 8.O-O O-O 
9.Re1 a5 10.a4 bxa4 11.Rxa4 Nb4 12.e5 Nd7 13.Nf1 Ba6 14.Qd1 Qc7 15.Bd2 f6 
16.exf6 Bxf6 17.Ng5 Rfe8 18.Bxb4 Bxg5 19.Bxa5 Qc6 20.Rg4 Bf6 21.Bc3 Qd6 
22.Bxf6 Nxf6 23.Rh4 Rab8 24.b3 Bb7 25.Ne3 Bc6 26.Ng4 Nxg4 27.Qxg4 e5 28.
Qh5 h6 29.Rg4 Re6 30.Ra1 Qe7 31.Rg6 Qf7 32.Rxe6 Qxh5 33.Rxc6 e4 34.dxe4 
dxe4 35.Bxe4 Re8 36.Re1 1/2-1/2

[Event "2nd American Continental"]
[Site "Buenos Aires ARG"]
[Date "2003.08.25"]
[Round "7"]
[White "Cruz Condori, Alfredo"]
[Black "Iregui, Victor"]
[Result "1-0"]
[WhiteElo "2244"]
[BlackElo "2151"]
[EventDate "2003.08.17"]
[PlyCount "89"]

1.e4 c5 2.Nf3 Nc6 3.Bb5 Nd4 4.Nxd4 cxd4 5.O-O a6 6.Bc4 e6 7.d3 b5 8.Bb3 
Bb7 9.c3 dxc3 10.Nxc3 d6 11.f4 Be7 12.f5 exf5 13.Rxf5 Nf6 14.Be3 O-O 15.
Qe2 Bc8 16.Rf4 Be6 17.Bxe6 fxe6 18.d4 b4 19.Na4 Qa5 20.b3 d5 21.e5 Ne4 22.
Qg4 Qc7 23.Qxe6+ Kh8 24.Raf1 Rxf4 25.Rxf4 Nc3 26.Nxc3 Qxc3 27.Kf2 Bg5 28.
Qxd5 Rc8 29.Qe4 Bxf4 30.Bxf4 Rd8 31.Be3 Rf8+ 32.Kg3 Qe1+ 33.Kh3 Qe2 34.e6 
Qh5+ 35.Kg3 h6 36.d5 Rf5 37.Bf4 Qg6+ 38.Kf3 Qf6 39.e7 Rxf4+ 40.Qxf4 Qxe7 
41.d6 Qb7+ 42.Qe4 Qf7+ 43.Kg3 a5 44.h3 g5 45.Qd4+ 1-0